Quizzes
Events
Quiz Creation
Community
Videos
Private Events
Remove Ads
Sign In
Join for FREE
Feedback
Dark Mode
Quiz Categories
Sports
Geography
Music
Movies
Television
Just For Fun
Miscellaneous
History
Literature
Language
Science
Gaming
Entertainment
Religion
Holiday
For Kids
Quiz Lab
Recent
Popular Today
Quiz Kudos Today
Editor Picks
Curator Picks
Quizzes by...
Day
Popularity
Type
Ratings
Length
Year
Community
Subscriptions
Recent Discussions
Orange Saloon
Badges
Playlists
Quests
Create
Leaderboards
Showdown
Live 5
Trivia Bingo
Activity
Puzzle Library
Sporcle Events
Private Events
Virtual Trivia
Globe League
Become a Host
Pub Owners
SporcleCon
Opinionation
Our Games
Videos
Blog
Mobile Apps
Partnerships
Remove Ads and Go Orange
Feedback
Gaming
Video Games
Board Games
Card Games
Pokémon
Mario
Nintendo
Minecraft
Console
Toys
Legend of Zelda
Gaming
Video Games
Board Games
Card Games
Pokémon
Mario
Nintendo
Minecraft
Console
Toys
Legend of Zelda
Random Quiz
Search Sporcle
×
Quiz Lab
Quiz Lab
Gaming
Type in answers that appear in a list
Type in answers that appear in a list
Classic
Best Score? Go Orange.
Name that Video Game (Pictures) Stats
Can you name the video game from the gameplay?
By
Colangees
6m
27 Questions
456 Plays
456 Plays
456 Plays
Comments
Comments
Give Quiz Kudos
Give Quiz Kudos
-
- Ratings
hide this ad
More Info
Replay
Link that replays current quiz
Next Quiz
Link to next quiz in quiz playlist
You Got
0%
They Got
Avg Score
36%
Avg Friend Score
Upgrade to see
Score Distribution
Jump to the score distribution portion of the page
Score
0/27
Timer
06:00
0
Plays Today
Numbers
Name of the Game
% Correct
#25
Pac-Man
90.1%
#27
Wii Sports
85.7%
#26
Rockband
83.1%
#1
Super Smash Bros. Brawl
72.6%
#8
Doom
64.5%
#20
Super Mario Brothers 3
60.3%
#14
Metal Gear Solid
58.8%
#11
Halo 3
48.5%
#4
Assassin's Creed II
46.9%
#2
Portal
44.3%
#18
Myst
34.9%
#21
World of Warcraft
33.8%
#24
Fallout 3
31.4%
#15
Left 4 Dead
31.1%
Numbers
Name of the Game
% Correct
#3
Bioshock
30.3%
#12
Half Life 2
29.2%
#22
Metal Gear Solid 4: Guns of the Patriots
20.6%
#17
Wii Fit
20%
#13
Mass Effect 2
18.2%
#19
RuneScape
16.2%
#16
The Elder Scrolls IV: Oblivion
14.9%
#23
Uncharted 2: Among Thieves
14.3%
#10
Gran Turismo 5
12.7%
#5
Devil May Cry 4
7.2%
#7
Disney's Club Penguin
5%
#6
Rainbow Six Vegas 2
3.5%
#9
Folklore
2.6%
Quiz Playlist
Details
Report
Send in Message
Add To Playlist
More Info:
Sorry the pictures are so small but If I make it bigger all of the pictures won't fit.
Classic:
Type in answers that appear in a list
Last Updated: Feb 16, 2017
Quiz Scoreboard
CHALLENGE
Sign Up to Join the Scoreboard
Show All
Scores
Hide
Comments
May contain spoilers
Recently Published
1-10 Letter E Words III
by El_Dandy
Language
2m
One Thing in Common: World Cities II
by knightlancer
Geography
7m
Popular People in 1961
by mucciniale
History
6m
More to Explore
Quiz From the Vault
Featured Blog Post
Where Did the Easter Bunny Come From?
hide this ad
You Might Also Like...
Tags
This quiz does not have any tags.
Today's Top Quizzes in Gaming
Browse Gaming
hide this ad
Top Contributed Quizzes in Gaming
1
Destiny 2 exotic weapons by perk icons
2
Who's on the WWE 2K24 Cover?
3
Windmill: Pokémon
4
Overwatch 2 Heroes by Selection Quote
5
Overwatch 2: Ultimate Ability Icons
6
Genshin Impact Logic Puzzle
7
Genshin murder mystery
8
Legendary or Exotic?
9
Overwatch Logic Puzzle
10
Franchise by Action Figure
Explore More
Trending Topics
Kpop
NBA
Disney
Harry Potter
Crossword
Anime
Marvel
Soccer
NFL
WWE
Song
Puzzle
Country
Pokémon
The Office
hide this ad
More By:
Colangees
Quiz
Plays
Rating
Category
Featured
Created
People Throughout History 3
1,968
4.29
History
Jan 24, 2010
People Throughout History
1,845
4.07
History
Jan 24, 2010
People Throughout History 4
1,573
4.17
History
Jan 24, 2010
Metal Gear Solid Characters by Picture
1,023
5.00
Gaming
May 15, 2010
People Throughout History 2
862
4.18
History
Jan 24, 2010
Go to Creator's Profile
Score Distribution
Quiz Creator Spotlight
Colangees
Follow
Send a Message
Quizzes Created
-
Created Quiz Play Count
-
More By This Creator
Popular Quizzes Today
1
Find the US States - No Outlines Minefield
2
The Countries of the World
3
Find the Countries of Europe - No Outlines Minefield
4
Popular People in 1961
5
1-10 Letter E Words III
6
Find the US States
7
One Thing in Common: World Cities II
8
US States
More Gaming Quizzes
Clickable Chess Moves - Safe Only
Published
Trending Quizzes
Risky Map Clicking: Least Populous States A-Z
1-10 Letter F Words
1-10 Letter G Words
One Thing in Common: United Kingdom
Risky Map Clicking: Next State Alphabetically
Recently Updated
Leaping Animals
pecheneg
Reality TV Shows (A-Z)
bhenderson79
Rickey Henderson's Hall of Fame Teammates
pecheneg
Champions League XIs: Arsenal
pecheneg
Quick Pick: Celebrities in WWE's Hall of Fame
aduchscher
A-Z Keypad Blitz II
pecheneg
Multiple Oscar Actors
pecheneg
Mystery Phrase Blitz: Oscar 'Best Actors'
pecheneg
F. Scott Fitzgerald Novels
LTH
Pick 3 Villains
ddd62291
Trending Topics
Crossword
NBA
Anime
Harry Potter
Kpop
Disney
Marvel
Pokémon
Soccer
WWE
Puzzle
NFL
Song
Country
The Office
Your Account Isn't Verified!
In order to create a playlist on Sporcle, you need to verify the email address you used during registration. Go to your
Sporcle Settings
to finish the process.
Report this User
Report this user for behavior that violates our
Community Guidelines
.
Details:
Send Report
Go to the Sporcle.com Mobile Site →
Comments